なぞQ.comのなぞなぞ - Statistics

General Stats
  • This quiz has been taken 29 times
  • The average score is 10 of 20
Answer Stats
難易度 問題 答え % Correct
ようちえん ものをいれて もちはこぶ 「かば」って な〜んだ? かばん
100%
ようちえん サーモンがいった 「さあ、◯◯をくぐろう!」 おもしろいね なんていった? もん
100%
ようちえん みないで のむ のみもの な〜んだ? みず
89%
かんたん ずっとかたてでピースしている人が きているふくって な〜んだ? ワンピース
89%
かんたん タケはタケでも たけのこじゃなくて にんじんやキャベツがとれるタケって な~んだ?
89%
ふつう ヤバさのなかに基礎がつまっている料理 な〜んだ? 焼きそば
83%
ようちえん ズルはズルでも ひきょうじゃなくて あたまをつかうズルって な〜んだ? パズル
78%
ふつう 『ド→ドド』ここ ど〜こだ? ドバイ
56%
かんたん ひとをくすぐると でてくるたべもの な〜んだ? チョコ
44%
かんたん いつも「バスが動いた!」と言っている人の職業 な〜んだ? バスガイド
44%
おにころし アメリカの国旗を食べちゃうつもりのものって な~んだ? 空気清浄機
44%
おにころし 結婚前の名字の感想を聞いてくる人って だあれ? 同級生
39%
むずかしい しっぽが6こ 列になって並んでいる食べものってなに? オムレツ
33%
むずかしい 日本語で83 英語では82のたべものって なぁに? はちみつ
28%
おにころし まんなかにゴミが入っている飲みものって な〜んだ? イチゴミルク
28%
むずかしい キツツキは鳥 ではキツキツキは な~んだ?
22%
ふつう お勧めの宝石って なぁに? 水晶
17%
ふつう 分割払いで買った食器って なぁに? カップ
11%
おにころし 頭蓋骨(ずがいこつ)が中に入ってる料理って な〜んだ? エスカルゴ
11%
むずかしい 手すりをつぶしちゃうゲーム機って なぁに? プレステ3
6%
No matching quizzes found
Score Distribution
Percent of People with Each Score
Percentile by Number Answered
Your Score History
You have not taken this quiz